[Event "VII Festival A"]
[Site "Livorno ITA"]
[Date "2011.07.02"]
[Round "3"]
[White "Vicari, Luigi"]
[Black "Castellano, Alfonso"]
[Result "0-1"]
[WhiteElo "1956"]
[BlackElo "1910"]
[PlyCount "86"]
[EventDate "2011.07.01"]

1. e4 c5 2. Nc3 Nc6 3. Bb5 Nd4 4. Nf3 Nxb5 5. Nxb5 d6 6. O-O Bg4 7. Qe2 e5 8.
d3 h6 9. Qe3 Be7 10. Nc3 Nf6 11. Nd2 O-O 12. Qg3 Qd7 13. f3 Be6 14. Nc4 Nh5 15.
Qf2 Nf4 16. Ne3 Qc6 17. Ned5 Nxd5 18. exd5 Bxd5 19. Qg3 Kh7 20. Nxd5 Qxd5 21.
Be3 f5 22. Qe1 Qe6 23. b3 d5 24. c3 Bd6 25. c4 Rfe8 26. Qf2 b6 27. Rae1 Qg6 28.
Bc1 d4 29. Re2 Rf8 30. Rfe1 Rae8 31. g3 Rf6 32. f4 e4 33. dxe4 fxe4 34. Qg2 e3
35. Kh1 Qf5 36. Kg1 Rg6 37. Rf1 h5 38. Qf3 Qe4 39. Rg2 Rge6 40. Re2 Rh6 41. h4
Rg6 42. Kh2 Rg4 43. Rfe1 43... Qf5 {...} 0-1

[Event "VII Festival A"]
[Site "Livorno ITA"]
[Date "2011.07.03"]
[Round "4"]
[White "Annoni, Riccardo"]
[Black "Dragojlovic, Andjelko"]
[Result "0-1"]
[WhiteElo "2068"]
[BlackElo "2380"]
[PlyCount "160"]
[EventDate "2011.07.01"]

1. d4 g6 2. e4 Bg7 3. Nc3 d6 4. f4 a6 5. Nf3 e6 6. Be3 Ne7 7. Qd2 b5 8. O-O-O
Nd7 9. h4 Bb7 10. Bd3 c5 11. dxc5 Nxc5 12. Bxc5 dxc5 13. e5 O-O 14. Be4 Nc6 15.
Qe3 Qb6 16. Rd6 Rfd8 17. Rhd1 Bf8 18. Rd7 Rxd7 19. Rxd7 Rd8 20. Qd2 Be7 21. h5
Bc8 22. Rxd8+ Nxd8 23. hxg6 hxg6 24. g4 c4 25. Kb1 b4 26. Ne2 c3 27. Qd4 Qxd4
28. Nfxd4 cxb2 29. Kxb2 a5 30. f5 gxf5 31. gxf5 exf5 32. Nxf5 Bg5 33. Ned4 Kf8
34. Nd6 Bd7 35. Kb3 Bf4 36. Nc4 Ne6 37. Nxe6+ Bxe6 38. c3 Bd2 39. cxb4 Bxb4 40.
Bd3 Ke7 41. a3 Be1 42. Kc2 Bd5 43. Kd1 Bg3 44. Nxa5 Bxe5 45. Nc4 Bd4 46. Ke2
Bc6 47. Bc2 Ke6 48. Kd3 Bc5 49. a4 f5 50. Nd2 Ke5 51. a5 f4 52. Bb3 f3 53.
Nxf3+ Bxf3 54. a6 Bg2 55. Kc4 Kd6 56. Bc2 Kc6 57. Bd3 Bd5+ 58. Kc3 Bf2 59. Bc4
Bf3 60. Kd3 Kb6 61. Kd2 Kc5 62. Bf1 Kd4 63. Be2 Bc6 64. Kc2 Be1 65. Bf1 Ba4+
66. Kb2 Bc3+ 67. Ka3 Bc6 68. Be2 Bd5 69. Ka4 Kc5 70. Bd3 Bf3 71. Bf1 Bd1+ 72.
Ka3 Kb6 73. Bc4 Ka5 74. Bd3 Bd2 75. Kb2 Kb4 76. Be4 Be3 77. Bd3 Bb3 78. Bf1
Bd4+ 79. Kc1 Kc3 80. Bb5 Bc2 0-1

[Event "VII Festival A"]
[Site "Livorno ITA"]
[Date "2011.07.03"]
[Round "4"]
[White "Bini, Alessandro"]
[Black "Vicari, Luigi"]
[Result "1/2-1/2"]
[WhiteElo "1915"]
[BlackElo "1956"]
[PlyCount "75"]
[EventDate "2011.07.01"]

1. c4 e5 2. Nc3 Nf6 3. Nf3 Nc6 4. e3 d5 5. d4 exd4 6. Nxd4 Bb4 7. Qb3 Nxd4 8.
exd4 Qe7+ 9. Be2 dxc4 10. Qxc4 Be6 11. Qd3 O-O 12. O-O Nd5 13. a3 Bd6 14. Qf3
Rad8 15. Ne4 c6 16. Bg5 f6 17. Bh4 Nf4 18. Nxd6 Nxe2+ 19. Qxe2 Qxd6 20. Bg3 Qd7
21. Qe3 Bd5 22. Rad1 Rfe8 23. Qc3 Qf7 24. Rfe1 Rd7 25. f3 Red8 26. Re3 Be6 27.
Rde1 Bf5 28. Qc5 Qd5 29. Qxa7 Qxd4 30. Qxd4 Rxd4 31. Bc7 R8d7 32. Bb6 Rd2 33.
b4 Kf7 34. Bc5 Bc2 35. Re7+ Kg6 36. R1e2 Ba4 37. Rxd7 Rxd7 38. Kf2 1/2-1/2

[Event "VII Festival A"]
[Site "Livorno ITA"]
[Date "2011.07.03"]
[Round "4"]
[White "Calcagnile, Lucio"]
[Black "Carosi, Ivan"]
[Result "1/2-1/2"]
[WhiteElo "2024"]
[BlackElo "1993"]
[PlyCount "94"]
[EventDate "2011.07.01"]

1. c4 e5 2. Nc3 Nc6 3. Nf3 g6 4. d4 exd4 5. Nxd4 Bg7 6. Nc2 Nge7 7. e4 O-O 8.
Be3 f5 9. f3 fxe4 10. fxe4 d6 11. Qd2 Ne5 12. Be2 Be6 13. b3 N7c6 14. Bg5 Qd7
15. Bh6 Ng4 16. Bxg7 Qxg7 17. Bxg4 Bxg4 18. Ne3 Be6 19. O-O-O a6 20. Rhf1 b5
21. Rxf8+ Rxf8 22. cxb5 axb5 23. Kb1 Qe5 24. Qd3 b4 25. Ncd5 Rf2 26. Rd2 Rxd2
27. Qxd2 Qxe4+ 28. Kc1 Qe5 29. Kb1 Qxh2 30. Nxc7 Bf7 31. Nb5 d5 32. Nd4 Nxd4
33. Qxd4 Qd6 34. Ng4 g5 35. Nf6+ Kf8 36. Nxh7+ Ke8 37. Qe3+ Kd7 38. Qa7+ Qc7
39. Qxc7+ Kxc7 40. Nxg5 Bg6+ 41. Kb2 Kd6 42. a4 bxa3+ 43. Kxa3 Ke5 44. Nf3+ Kf4
45. b4 Be8 46. Nd4 Kg3 47. b5 Bxb5 1/2-1/2

[Event "VII Festival A"]
[Site "Livorno ITA"]
[Date "2011.07.03"]
[Round "4"]
[White "Castellano, Alfonso"]
[Black "Casarosa, Michele"]
[Result "1-0"]
[WhiteElo "1910"]
[BlackElo "1976"]
[PlyCount "94"]
[EventDate "2011.07.01"]

1. c4 e5 2. g3 Nc6 3. Bg2 g6 4. Nc3 Bg7 5. e4 d6 6. Nge2 Nge7 7. d3 O-O 8. O-O
f5 9. Be3 Be6 10. Qd2 Qd7 11. Nd5 Rae8 12. Rac1 Nd8 13. Qa5 b6 14. Qxa7 f4 15.
gxf4 exf4 16. Nexf4 Bxb2 17. Rc2 Be5 18. Qxc7 Ndc6 19. Qxd7 Bxd7 20. Nxb6 Bg4
21. Nfd5 Nd4 22. Bxd4 Bxd4 23. h3 Bf3 24. Bxf3 Rxf3 25. Kg2 Rxd3 26. Nd7 Nxd5
27. cxd5 Rd8 28. Rc7 Rd2 29. a4 Ra2 30. Rc4 Rxd7 31. Rxd4 Ra7 32. Rc1 Rf7 33.
Rf1 Rc7 34. Rb4 Re7 35. Kg3 Ra7 36. Rc1 R7xa4 37. Rxa4 Rxa4 38. f3 Ra7 39. Rc6
Rd7 40. f4 Kf7 41. Kf3 Ke7 42. Ke3 Ra7 43. Kd4 h6 44. e5 dxe5+ 45. fxe5 Ra4+
46. Rc4 Ra6 47. Rc7+ 47... Kd8 {...} 1-0

[Event "VII Festival A"]
[Site "Livorno ITA"]
[Date "2011.07.03"]
[Round "4"]
[White "Garofalo, Simone"]
[Black "Nelli, Marcello"]
[Result "1-0"]
[WhiteElo "1977"]
[BlackElo "1794"]
[PlyCount "55"]
[EventDate "2011.07.01"]

1. e4 e6 2. d4 d5 3. Nd2 c5 4. exd5 exd5 5. Bb5+ Bd7 6. Qe2+ Qe7 7. Bxd7+ Nxd7
8. dxc5 Qxe2+ 9. Nxe2 Nxc5 10. O-O O-O-O 11. Nb3 Nxb3 12. axb3 a6 13. Be3 Bd6
14. Rfd1 Ne7 15. Ra4 Rhe8 16. Kf1 Rd7 17. Bb6 Bc7 18. Bxc7 Kxc7 19. Rh4 h6 20.
Rf4 f6 21. Nd4 Nc6 22. Nf5 g5 23. Rf3 h5 24. Ng3 h4 25. Nh5 Ne5 26. Rc3+ Kd8
27. Nxf6 d4 28. Nxd7 1-0

[Event "VII Festival A"]
[Site "Livorno ITA"]
[Date "2011.07.03"]
[Round "4"]
[White "Giuntoli, Matteo"]
[Black "Coqueraut, Jean Dominique"]
[Result "1-0"]
[WhiteElo "1938"]
[BlackElo "1833"]
[PlyCount "117"]
[EventDate "2011.07.01"]

1. e4 d6 2. d4 Nf6 3. Nc3 g6 4. Nf3 Bg7 5. Be3 c6 6. h3 b5 7. Bd3 O-O 8. Qd2 b4
9. Nd1 a5 10. Bh6 Nbd7 11. Bxg7 Kxg7 12. Ne3 e5 13. Ng4 Ng8 14. dxe5 h5 15. e6
fxe6 16. Ne3 e5 17. Nc4 Nc5 18. Rd1 Be6 19. Qe3 Nxd3+ 20. Qxd3 Bxc4 21. Qxc4
Rxf3 22. gxf3 Qd7 23. Qd3 Rd8 24. Qa6 Qc7 25. Qc4 Re8 26. Ke2 Kf6 27. Rd2 Re6
28. Rhd1 Ke7 29. c3 c5 30. cxb4 axb4 31. a3 bxa3 32. bxa3 Nf6 33. Rg1 Nd7 34.
Rb2 Nb8 35. Rgb1 Nd7 36. Qa6 c4 37. Rb7 Qc5 38. Rxd7+ Kf6 39. Qa7 Qd4 40. Qxd4
exd4 41. Rdb7 Kg5 42. R7b6 Kf4 43. R1b4 d3+ 44. Kd2 Kxf3 45. Rxc4 Kxf2 46. Rd4
g5 47. Rbxd6 Re8 48. a4 g4 49. hxg4 hxg4 50. Rf6+ Kg2 51. Rg6 Kf3 52. Rxd3+ Kf4
53. a5 Rxe4 54. a6 Ra4 55. Rd7 Ra2+ 56. Kc3 g3 57. Kb3 Ra1 58. a7 Kf3 59. Kb2
1-0

[Event "VII Festival A"]
[Site "Livorno ITA"]
[Date "2011.07.03"]
[Round "4"]
[White "Sernagiotto, Mirko Virgilio"]
[Black "Selifanov, Konstantin"]
[Result "0-1"]
[WhiteElo "1970"]
[BlackElo "1896"]
[PlyCount "70"]
[EventDate "2011.07.01"]

1. d4 Nf6 2. Nf3 b6 3. g3 Bb7 4. Bg2 e6 5. O-O c5 6. c3 Be7 7. Re1 O-O 8. Bg5
d5 9. Nbd2 Nbd7 10. Rc1 h6 11. Bxf6 Nxf6 12. Ne5 Rc8 13. e3 cxd4 14. exd4 b5
15. c4 bxc4 16. Ndxc4 Ba6 17. Nd2 Qb6 18. Nb3 Rxc1 19. Qxc1 Bb4 20. Re3 Rc8 21.
Qd1 Bc4 22. Nd3 Nd7 23. h3 Bd6 24. Ndc1 a5 25. Nd3 Bxb3 26. Qxb3 Qxd4 27. Qb5
Qa7 28. Re2 Bxg3 29. Bxd5 exd5 30. Re7 Bxf2+ 31. Kg2 Bh4 32. Rxd7 Rc2+ 33. Kf3
Rf2+ 34. Nxf2 Qxf2+ 35. Kg4 Qg3+ 0-1

[Event "VII Festival A"]
[Site "Livorno ITA"]
[Date "2011.07.03"]
[Round "4"]
[White "Soventi, Maurizio"]
[Black "Brioschi, Camillo"]
[Result "1-0"]
[WhiteElo "1874"]
[BlackElo "1832"]
[PlyCount "69"]
[EventDate "2011.07.01"]

1. d4 Nf6 2. c4 g6 3. f3 d5 4. cxd5 Nxd5 5. e4 Nf6 6. Be3 Bg7 7. Nc3 O-O 8. Qd2
c6 9. O-O-O Qa5 10. Bc4 Nbd7 11. g4 b5 12. Bb3 Nb6 13. Nce2 Qa6 14. Bh6 Be6 15.
Bxg7 Bxb3 16. axb3 Kxg7 17. h4 h5 18. gxh5 Nxh5 19. Nh3 e5 20. Qg5 f6 21. Qg2
Kh7 22. Rhg1 Rg8 23. dxe5 Nd5 24. exd5 cxd5 25. Kb1 fxe5 26. Ng5+ Kg7 27. Rxd5
Rad8 28. Rgd1 Rxd5 29. Rxd5 Nf6 30. Rd1 Qc8 31. Nc3 b4 32. Nce4 Nxe4 33. fxe4
Qc6 34. Qg4 Qf6 35. Qd7+ 1-0

[Event "VII Festival A"]
[Site "Livorno ITA"]
[Date "2011.07.03"]
[Round "5"]
[White "Bini, Alessandro"]
[Black "Soventi, Maurizio"]
[Result "1-0"]
[WhiteElo "1915"]
[BlackElo "1874"]
[PlyCount "74"]
[EventDate "2011.07.01"]

1. c4 e5 2. Nc3 Nf6 3. g3 Nc6 4. Bg2 Bb4 5. Nd5 Nxd5 6. cxd5 Ne7 7. a3 Ba5 8.
b4 Bb6 9. Bb2 d6 10. Qb3 O-O 11. Nf3 c6 12. dxc6 Nxc6 13. d3 Be6 14. Qd1 Qe7
15. O-O f6 16. e3 d5 17. b5 Na5 18. Bc3 Qd8 19. d4 e4 20. Nd2 Rc8 21. Bb4 Rf7
22. Rc1 Rfc7 23. Rxc7 Qxc7 24. f3 f5 25. Bh3 Nc4 26. Nxc4 Qxc4 27. fxe4 dxe4
28. Bxf5 Bxf5 29. Rxf5 h6 30. Qf1 Qxf1+ 31. Rxf1 a5 32. bxa6 bxa6 33. Rf4 a5
34. Bd6 Re8 35. Rf5 Re6 36. Bc5 g6 37. Rd5 Bxc5 1-0

[Event "VII Festival A"]
[Site "Livorno ITA"]
[Date "2011.07.03"]
[Round "5"]
[White "Calcagnile, Lucio"]
[Black "Garofalo, Simone"]
[Result "0-1"]
[WhiteElo "2024"]
[BlackElo "1977"]
[PlyCount "184"]
[EventDate "2011.07.01"]

1. c4 Nf6 2. Nf3 g6 3. g3 Bg7 4. Bg2 O-O 5. O-O d6 6. d3 Nc6 7. Nc3 e5 8. Rb1
a5 9. a3 Re8 10. Bg5 h6 11. Bxf6 Bxf6 12. b4 axb4 13. axb4 Bg7 14. b5 Ne7 15.
Qb3 Be6 16. Ne1 c6 17. Nc2 d5 18. bxc6 bxc6 19. e4 dxc4 20. dxc4 Qc7 21. Ne3
Rab8 22. Qa4 Red8 23. Rxb8 Rxb8 24. Rb1 Rxb1+ 25. Nxb1 Nc8 26. Nd2 Bf8 27. Nb3
Qb6 28. Bf1 Nd6 29. Nd2 Nb7 30. Qb3 Qa7 31. Qc2 Bc5 32. Qd3 Bd4 33. Nb3 Nc5 34.
Nxc5 Qxc5 35. Kg2 Kg7 36. Qb3 Qa5 37. Nc2 Qd2 38. Nxd4 Qxd4 39. Qd3 Qxd3 40.
Bxd3 c5 41. f4 f6 42. Kf3 Kf7 43. h4 Bd7 44. Bc2 Ke7 45. fxe5 fxe5 46. Ke3 Kd6
47. Kd2 Ke7 48. Ke3 Kf6 49. Kf2 Bg4 50. Ke3 g5 51. Kf2 Kg6 52. Ba4 Be6 53. Be8+
Kf6 54. Bb5 Bf7 55. Ke3 Kg6 56. Kf3 Kh5 57. hxg5 Kxg5 58. Ba6 Bh5+ 59. Kf2 Bf7
60. Kf3 Be6 61. Bb5 h5 62. Ba6 Kf6 63. Ke3 Ke7 64. Kd3 Bh3 65. Bb5 Bf1+ 66. Ke3
Kf6 67. Kf2 Bd3 68. Ke3 Bc2 69. Bc6 Kg5 70. Kf2 h4 71. gxh4+ Kxh4 72. Ke3 Kg3
73. Bd5 Kg2 74. Ke2 Ba4 75. Be6 Bc6 76. Bd5 Bd7 77. Bf7 Bg4+ 78. Ke3 Kf1 79.
Bd5 Ke1 80. Bc6 Be2 81. Bd5 Kd1 82. Be6 Bf1 83. Kf2 Bd3 84. Bd5 Kd2 85. Kf3
Be2+ 86. Kf2 Bh5 87. Be6 Kd3 88. Bd5 Kd4 89. Kg3 Be2 90. Kf2 Bxc4 91. Bc6 Bd3
92. Kf3 c4 0-1

[Event "VII Festival A"]
[Site "Livorno ITA"]
[Date "2011.07.03"]
[Round "5"]
[White "Carosi, Ivan"]
[Black "Franceschi, Riccardo"]
[Result "0-1"]
[WhiteElo "1993"]
[BlackElo "2082"]
[PlyCount "40"]
[EventDate "2011.07.01"]

1. d4 d5 2. c4 c6 3. Nc3 e6 4. e3 Nf6 5. Nf3 Nbd7 6. Bd2 Bd6 7. Bd3 dxc4 8.
Bxc4 b5 9. Bb3 Bb7 10. O-O O-O 11. e4 e5 12. dxe5 Nxe5 13. Nxe5 Bxe5 14. Re1 a5
15. a3 Qc7 16. Bc2 Bxh2+ 17. Kh1 Be5 18. g3 Rfd8 19. f4 Bxc3 20. bxc3 c5 0-1

[Event "VII Festival A"]
[Site "Livorno ITA"]
[Date "2011.07.03"]
[Round "5"]
[White "Casarosa, Michele"]
[Black "Sernagiotto, Mirko Virgilio"]
[Result "1/2-1/2"]
[WhiteElo "1976"]
[BlackElo "1970"]
[PlyCount "77"]
[EventDate "2011.07.01"]

1. e4 e5 2. Nf3 Nc6 3. Bb5 f5 4. Qe2 fxe4 5. Qxe4 Nf6 6. Qe2 e4 7. d3 Qe7 8.
dxe4 Qxe4 9. Qxe4+ Nxe4 10. O-O Be7 11. Re1 Nf6 12. Nc3 h6 13. Bf4 d6 14. Nd4
Bd7 15. Ne6 Bxe6 16. Rxe6 Kd7 17. Rae1 Rae8 18. f3 a6 19. Bxc6+ bxc6 20. Bg3
Bd8 21. R6e3 Rxe3 22. Rxe3 Re8 23. Rxe8 Kxe8 24. Be1 c5 25. Kf2 Kf7 26. Ke3 d5
27. Kd3 c6 28. Na4 Nd7 29. Bf2 Be7 30. Bg3 Ke6 31. b3 g5 32. Bc7 Ne5+ 33. Bxe5
Kxe5 34. Nc3 h5 35. Ne2 Kf5 36. h3 Bd6 37. Ke3 Be5 38. Kd3 h4 39. Ke3 1/2-1/2

[Event "VII Festival A"]
[Site "Livorno ITA"]
[Date "2011.07.03"]
[Round "5"]
[White "Coqueraut, Jean Dominique"]
[Black "Annoni, Riccardo"]
[Result "0-1"]
[WhiteElo "1833"]
[BlackElo "2068"]
[PlyCount "64"]
[EventDate "2011.07.01"]

1. d4 d5 2. c4 e6 3. Nf3 c6 4. cxd5 exd5 5. Nc3 Bf5 6. Bf4 Nf6 7. e3 Bd6 8. Ne5
O-O 9. Bd3 Bxd3 10. Qxd3 Nh5 11. Bg3 Nxg3 12. hxg3 g6 13. f4 Qe7 14. Nf3 Re8
15. Kf2 Nd7 16. Ng5 Nf6 17. Rh4 h5 18. Rah1 Kg7 19. a3 Rh8 20. e4 dxe4 21.
Ncxe4 Rad8 22. Nxf6 Qxf6 23. Qc3 Bc7 24. Nf3 Bb6 25. Rd1 Rd5 26. Rd3 Rhd8 27.
Ke3 c5 28. Kd2 cxd4 29. Qc1 Re8 30. b4 Qe7 31. Qd1 a5 32. b5 Rxb5 0-1

[Event "VII Festival A"]
[Site "Livorno ITA"]
[Date "2011.07.03"]
[Round "5"]
[White "Giuntoli, Matteo"]
[Black "Efimov, Igor"]
[Result "0-1"]
[WhiteElo "1938"]
[BlackElo "2428"]
[PlyCount "58"]
[EventDate "2011.07.01"]

1. e4 c5 2. c3 d6 3. d4 Nf6 4. Bd3 Nbd7 5. Nf3 Qc7 6. O-O e5 7. d5 g6 8. h3 Bg7
9. Be3 O-O 10. Nbd2 Nh5 11. Nh2 Nf4 12. Bxf4 exf4 13. Nhf3 h5 14. a4 Qd8 15.
Nc4 Qf6 16. Re1 Re8 17. Qc2 g5 18. Nh2 Qh6 19. Qe2 Be5 20. Rac1 Nf6 21. b4 g4
22. hxg4 hxg4 23. Qd2 Kg7 24. g3 Rh8 25. f3 gxf3 26. Nxe5 dxe5 27. Nxf3 Qh1+
28. Kf2 Rh2+ 29. Nxh2 Qxh2+ 0-1

[Event "VII Festival A"]
[Site "Livorno ITA"]
[Date "2011.07.03"]
[Round "5"]
[White "Nelli, Marcello"]
[Black "Vicari, Luigi"]
[Result "1-0"]
[WhiteElo "1794"]
[BlackElo "1956"]
[PlyCount "33"]
[EventDate "2011.07.01"]

1. e4 e5 2. Nf3 Nc6 3. Bc4 Bc5 4. d4 Bxd4 5. Nxd4 Nxd4 6. O-O Nf6 7. Nc3 d6 8.
Bg5 Be6 9. Bxe6 fxe6 10. f4 Nc6 11. f5 Qd7 12. Bxf6 gxf6 13. fxe6 Qg7 14. Nd5
Nd4 15. Rxf6 Rf8 16. Qh5+ Kd8 17. Rxf8+ 1-0

[Event "VII Festival A"]
[Site "Livorno ITA"]
[Date "2011.07.03"]
[Round "5"]
[White "Selifanov, Konstantin"]
[Black "Ceccarini, Marco"]
[Result "0-1"]
[WhiteElo "1896"]
[BlackElo "2052"]
[PlyCount "64"]
[EventDate "2011.07.01"]

1. e4 g6 2. d4 Bg7 3. c4 d6 4. Nf3 Bg4 5. Be2 Nc6 6. Be3 e5 7. d5 Nce7 8. h3
Bd7 9. Nc3 f5 10. O-O f4 11. Bd2 Nf6 12. Bd3 O-O 13. Bc2 h6 14. Re1 g5 15. Rc1
Ng6 16. Ba4 Bc8 17. Nh2 h5 18. f3 Nh4 19. b4 g4 20. hxg4 hxg4 21. c5 gxf3 22.
gxf3 Nh5 23. Kf2 Nf5 24. exf5 Qh4+ 25. Kg2 Bxf5 26. Ne4 Qh3+ 27. Kg1 Bxe4 28.
fxe4 f3 29. Nxf3 Rxf3 30. Qxf3 Qxf3 31. Rc3 Qg4+ 32. Kh2 Rf8 0-1